000 01087nam a22001817a 4500
008 231013s2023 xxk|||||o||||o00| 0 eng d
245 _aNutrient neutrality and housing development
_h[Electronic resource]
260 _aLondon,
_bHouse of Commons Library,
_c13 October 2023
490 _aResearch Briefing
520 _aA House of Commons Library research briefing discusses nutrient neutrality, the Government's plans to amend the Conservation of Habitats and Species Regulations 2017 which were defeated in the Lords, and provisions in the Levelling-up and Regeneration Bill 2022-23 for a new duty on water and sewerage companies to upgrade their wastewater treatment works by 2030 in areas where habitats sites are in "unfavourable condition".
650 _aHOUSING
650 _aNUTRIENT NEUTRALITY
650 _aPLANNING AND DEVELOPMENT
690 _96238
_aEnvironment
710 _91448
_aParliament. House of Commons. Library
856 _uhttps://commonslibrary.parliament.uk/research-briefings/cbp-9850/
_zAvailable online at the House of Commons Library
942 _2ddc
999 _c121677
_d121677